[Event "Edmonton Spring Sectional G"]
[Site "Edmonton CAN"]
[Date "2005.04.03"]
[Round "4"]
[White "Blum, Roger"]
[Black "Kazakevich, Alexander"]
[Result "1-0"]
[WhiteElo "1604"]
[BlackElo "1603"]
[PlyCount "78"]
[GameId "2160767910968913"]
[EventDate "2005.04.01"]
[EventType "tourn"]
[EventRounds "5"]
[EventCountry "CAN"]
[WhiteTeam "Canada"]
[BlackTeam "Canada"]
[WhiteTeamCountry "CAN"]
[BlackTeamCountry "CAN"]

1. e4 d5 2. exd5 Qxd5 3. Nc3 Qa5 4. d4 Nf6 5. Bc4 Bg4 6. f3 Bf5 7. Nge2 Nc6 8. Bd2 e6 9. a3 b5 10. Nd5 Nxd5 11. Bxa5 Ne3 12. Qc1 Nxc2+ 13. Kf2 bxc4 14. Bc3 Nxa1 15. Qxa1 Bd6 16. Qa2 O-O 17. Qxc4 Ne7 18. b4 Nd5 19. Bd2 Rfc8 20. h4 h5 21. Qc1 e5 22. dxe5 Bxe5 23. Bc3 Nxc3 24. Nxc3 c5 25. Nd5 Bd4+ 26. Kg3 Be5+ 27. f4 Bd6 28. b5 c4 29. a4 c3 30. b6 Rc4 31. Rf1 Rd4 32. Rd1 Rxd1 33. Qxd1 axb6 34. Nxc3 Bc5 35. Qxh5 g6 36. Qd1 Re8 37. Nd5 Re6 38. Qa1 Be7 39. Qb2 Kf8 1-0

[Event "Edmonton Spring Sectional G"]
[Site "Edmonton CAN"]
[Date "2005.04.03"]
[Round "5"]
[White "Pivovarov, Juraj"]
[Black "Mrugala, David"]
[Result "0-1"]
[WhiteElo "1607"]
[BlackElo "1571"]
[PlyCount "62"]
[GameId "2160767910968914"]
[EventDate "2005.04.01"]
[EventType "tourn"]
[EventRounds "5"]
[EventCountry "CAN"]
[WhiteTeam "Canada"]
[BlackTeam "Canada"]
[WhiteTeamCountry "CAN"]
[BlackTeamCountry "CAN"]

1. c4 c6 2. g3 d5 3. Bg2 dxc4 4. Na3 Nf6 5. Nxc4 Nbd7 6. Nf3 Nb6 7. Ne3 Qc7 8. d4 h6 9. O-O Bg4 10. Nxg4 Nxg4 11. Bf4 Qd8 12. e4 e6 13. Rc1 Be7 14. Re1 Nf6 15. Bf1 O-O 16. Bd3 Rc8 17. Bb1 Re8 18. Qd3 Nh7 19. e5 Nf8 20. h4 Nd5 21. Bd2 Qb6 22. Qe4 Qxb2 23. Qg4 f5 24. exf6 Nxf6 25. Qf4 Bd8 26. g4 Bc7 27. Ne5 Rcd8 28. Bd3 Qa3 29. g5 Nd5 30. gxh6 Nxf4 31. h7+ Nxh7 0-1

[Event "Edmonton Spring Sectional H"]
[Site "Edmonton CAN"]
[Date "2005.04.01"]
[Round "1"]
[White "Roberts, Richard"]
[Black "Buckingham, Abe"]
[Result "1/2-1/2"]
[WhiteElo "1515"]
[BlackElo "1793"]
[PlyCount "91"]
[GameId "2160767910968915"]
[EventDate "2005.04.01"]
[EventType "tourn"]
[EventRounds "5"]
[EventCountry "CAN"]
[WhiteTeam "Canada"]
[BlackTeam "Canada"]
[WhiteTeamCountry "CAN"]
[BlackTeamCountry "CAN"]

1. d4 e6 2. c4 Nf6 3. Nc3 Bb4 4. Bd2 Bxc3 5. Bxc3 d5 6. e3 c6 7. Nf3 Nbd7 8. Bd3 dxc4 9. Bxc4 Nb6 10. Bb3 Nbd5 11. Qc2 b6 12. O-O Bb7 13. e4 Nxc3 14. bxc3 Rc8 15. Rad1 O-O 16. e5 Nd7 17. Qd2 Qe7 18. Bc2 g6 19. Qe3 c5 20. Be4 Bxe4 21. Qxe4 cxd4 22. Qxd4 Rfd8 23. Qe3 Kg7 24. Rd4 Qc5 25. Rh4 Qxe3 26. fxe3 Rxc3 27. Ng5 h5 28. Rxf7+ Kg8 29. Rg7+ Kxg7 30. Nxe6+ Kf7 31. Nxd8+ Ke7 32. e6 Kxd8 33. exd7 Rxe3 34. Rd4 Re7 35. Rd6 Rxd7 36. Rxg6 Rd1+ 37. Kf2 Rd2+ 38. Kg3 Rxa2 39. Rg5 Ra5 40. Rg8+ Ke7 41. Kf4 b5 42. Rg5 Ra4+ 43. Ke5 Rg4 44. Rxh5 Rxg2 45. Rh7+ Kf8 46. Rxa7 1/2-1/2

[Event "Edmonton Spring Sectional H"]
[Site "Edmonton CAN"]
[Date "2005.04.02"]
[Round "2"]
[White "Buckingham, Abe"]
[Black "Duggan, Kyle"]
[Result "0-1"]
[WhiteElo "1793"]
[BlackElo "1873"]
[PlyCount "46"]
[GameId "2160767910968916"]
[EventDate "2005.04.01"]
[EventType "tourn"]
[EventRounds "5"]
[EventCountry "CAN"]
[WhiteTeam "Canada"]
[BlackTeam "Canada"]
[WhiteTeamCountry "CAN"]
[BlackTeamCountry "CAN"]

1. e4 e6 2. d4 d5 3. exd5 exd5 4. c4 Be7 5. Nc3 Nf6 6. Bd3 Nc6 7. Nge2 Bg4 8. f3 Be6 9. cxd5 Nxd5 10. O-O Qd7 11. Qc2 Ncb4 12. Qb1 Nxd3 13. Qxd3 O-O 14. Re1 Nb4 15. Qd1 Rfd8 16. Nf4 Bf5 17. a3 Nc2 18. Rxe7 Qxe7 19. Ncd5 Qd7 20. Ra2 Re8 21. b3 Re1+ 22. Qxe1 Nxe1 23. Re2 Re8 0-1

[Event "Edmonton Spring Sectional I"]
[Site "Edmonton CAN"]
[Date "2005.04.01"]
[Round "1"]
[White "Blackwell, Ross"]
[Black "Palcic, Branko"]
[Result "1/2-1/2"]
[WhiteElo "1445"]
[BlackElo "1425"]
[PlyCount "157"]
[GameId "2160767910968917"]
[EventDate "2005.04.01"]
[EventType "tourn"]
[EventRounds "5"]
[EventCountry "CAN"]
[WhiteTeam "Canada"]
[BlackTeam "Canada"]
[WhiteTeamCountry "CAN"]
[BlackTeamCountry "CAN"]

1. d4 e6 2. Nf3 Nf6 3. Bg5 Be7 4. e3 b6 5. c4 Bb7 6. Be2 O-O 7. O-O d6 8. Nc3 Nbd7 9. Qc2 a5 10. Rad1 Ra7 11. Bh4 Ba8 12. Ng5 h6 13. Nge4 Nxe4 14. Bxe7 Qxe7 15. Nxe4 Bxe4 16. Qxe4 f5 17. Qd3 Nf6 18. h3 Raa8 19. Qa3 g5 20. f3 Rf7 21. b4 Qf8 22. bxa5 Rxa5 23. Qb3 Qa8 24. Rd2 Ra3 25. Qb1 Rxe3 26. d5 exd5 27. Qxf5 Kg7 28. Bd3 Re5 29. Qg6+ Kf8 30. Qxh6+ Ke7 31. Bg6 Ng8 32. Qh5 Nf6 33. Qh6 Qf8 34. Qxf8+ Rxf8 35. Rc1 dxc4 36. Rxc4 Kd8 37. Rdc2 Rc5 38. Rxc5 bxc5 39. Rb2 Nd7 40. a4 Rf4 41. Be4 Nf6 42. Bc6 Rb4 43. Ra2 Rb6 44. Bb5 c6 45. Be2 d5 46. a5 Rb8 47. a6 c4 48. Kf2 Ra8 49. Bd1 Kc7 50. Ke3 c5 51. f4 d4+ 52. Kf3 gxf4 53. Kxf4 Nd5+ 54. Ke5 Nc3 55. Ra1 Nxd1 56. Rxd1 c3 57. Kd5 Rxa6 58. Kxc5 Rc6+ 59. Kd5 Rd6+ 60. Kc4 c2 61. Rc1 d3 62. Kb3 Rf6 63. Kc3 Rf2 64. Kxd3 Rxg2 65. Rxc2+ Rxc2 66. Kxc2 Kd6 67. Kd3 Ke5 68. Ke3 Kf5 69. Kf3 Kg5 70. Kg3 Kh5 71. h4 Kh6 72. Kg4 Kg6 73. Kf4 Kh5 74. Kg3 Kg6 75. Kg4 Kh6 76. h5 Kg7 77. Kg5 Kh7 78. h6 Kg8 79. Kg6 1/2-1/2

[Event "Edmonton Spring Sectional J"]
[Site "Edmonton CAN"]
[Date "2005.04.01"]
[Round "1"]
[White "Mrugala, Jonathan"]
[Black "Procyshyn, Jeff"]
[Result "0-1"]
[WhiteElo "1371"]
[BlackElo "1270"]
[PlyCount "82"]
[GameId "2160767910968918"]
[EventDate "2005.04.01"]
[EventType "tourn"]
[EventRounds "5"]
[EventCountry "CAN"]
[WhiteTeam "Canada"]
[BlackTeam "Canada"]
[WhiteTeamCountry "CAN"]
[BlackTeamCountry "CAN"]

1. Nf3 c6 2. d3 d6 3. g3 Bg4 4. Bg2 Qc8 5. Nc3 h6 6. h3 Bxf3 7. Bxf3 Nf6 8. b3 e6 9. Bb2 Be7 10. Qd2 a5 11. Na4 Nbd7 12. Bg2 b5 13. Nc3 O-O 14. g4 Kh7 15. g5 Ng8 16. Be4+ g6 17. h4 d5 18. Bf3 h5 19. d4 Nb6 20. Qd3 b4 21. Bxh5 bxc3 22. Bxg6+ fxg6 23. h5 Rf5 24. hxg6+ Kxg6 25. Qh3 Rxg5 26. Qh7+ Kf6 27. Bc1 Rg7 28. Qh5 Qe8 29. Qe5+ Kf7 30. Qf4+ Bf6 31. Qc7+ Nd7 32. Qxc6 Ke7 33. Ba3+ Kf7 34. e3 Ne7 35. Qxc3 Nf5 36. Kd2 e5 37. Qc6 Rc8 38. Qxd5+ Qe6 39. Qe4 Nd6 40. Bxd6 Qxd6 41. Rh7 Qb4+ 0-1

[Event "Fall Masters"]
[Site "Toronto CAN"]
[Date "2005.09.25"]
[Round "1"]
[White "Livshits, Ron"]
[Black "Hamilton, Robert"]
[Result "1-0"]
[WhiteElo "2459"]
[BlackElo "2406"]
[PlyCount "66"]
[GameId "2160767910834607"]
[EventDate "2005.09.25"]
[EventType "tourn"]
[EventRounds "6"]
[EventCountry "CAN"]

1. d4 Nf6 2. c4 e6 3. Nc3 Bb4 4. Nf3 O-O 5. Bg5 c5 6. e3 Qa5 7. Bxf6 Bxc3+ 8. bxc3 Qxc3+ 9. Nd2 gxf6 10. Rc1 Qa5 11. Bd3 cxd4 12. exd4 Nc6 13. d5 Ne5 14. Bb1 exd5 15. O-O d6 16. Qh5 f5 17. Nb3 Qd8 18. Rc3 Qf6 19. cxd5 Re8 20. Rh3 Ng6 21. Qxh7+ Kf8 22. Qh6+ Kg8 23. Qh7+ Kf8 24. Qh6+ Kg8 25. Rg3 Qg7 26. Qh5 Re5 27. f4 Rxd5 28. Qg5 Bd7 29. h4 Rc8 30. Re1 Kf8 31. Be4 Rb5 32. Bd3 Qc3 33. Qh6+ Kg8 1-0

[Event "Fall Masters"]
[Site "Toronto CAN"]
[Date "2005.10.16"]
[Round "4"]
[White "Hamilton, Robert"]
[Black "Livshits, Ron"]
[Result "1-0"]
[WhiteElo "2406"]
[BlackElo "2459"]
[PlyCount "123"]
[GameId "2160767910834610"]
[EventDate "2005.09.25"]
[EventType "tourn"]
[EventRounds "6"]
[EventCountry "CAN"]

1. e4 e5 2. Nf3 Nc6 3. d4 exd4 4. Bc4 Nf6 5. e5 d5 6. Bb5 Ne4 7. Nxd4 Bd7 8. Bxc6 bxc6 9. O-O Bc5 10. f3 Ng5 11. f4 Ne4 12. Be3 O-O 13. Nd2 f5 14. Nxe4 fxe4 15. Qd2 Qe7 16. Nb3 Bb6 17. Kh1 Rf7 18. Rf2 Raf8 19. Raf1 g5 20. fxg5 Qxe5 21. Rxf7 Rxf7 22. Rxf7 Kxf7 23. c3 Kg6 24. Nd4 Bxd4 25. cxd4 Qf5 26. Kg1 c5 27. dxc5 Bb5 28. h3 Kf7 29. Qa5 Qd7 30. Qc3 Qe7 31. Qh8 Ke6 32. b3 Kd7 33. a4 Bc6 34. Kh2 Qf7 35. Kg3 Ke6 36. Bf4 Qe7 37. h4 Kf5 38. Qc8+ Bd7 39. Qxc7 e3 40. Kh2 e2 41. Bg3 Qe6 42. Qf4+ Kg6 43. Qf8 e1=Q 44. Bxe1 Qxe1 45. Qf6+ Kh5 46. g6 h6 47. c6 Bg4 48. g7 Qe8 49. c7 a5 50. Qd6 Qf7 51. Qg3 Qg8 52. Qd6 Qxg7 53. Qxd5+ Kg6 54. Qxa5 Qd7 55. Qc5 Qe6 56. b4 Qe1 57. h5+ Kf6 58. Qf8+ Kg5 59. Qg7+ Kxh5 60. Qxg4+ Kxg4 61. c8=Q+ Kg5 62. Qg8+ 1-0

[Event "Fast Traffic"]
[Site "Ottawa CAN"]
[Date "2005.01.30"]
[Round "1"]
[White "Kosmin, Walter"]
[Black "Pacey, Kevin"]
[Result "0-1"]
[WhiteElo "1746"]
[BlackElo "2190"]
[PlyCount "92"]
[GameId "2160767911031408"]
[EventDate "2005.01.30"]
[EventType "swiss (rapid)"]
[EventRounds "4"]
[EventCountry "CAN"]

1. b4 d5 2. Bb2 Qd6 3. a3 e5 4. e3 Nf6 5. c4 c6 6. Nf3 Nbd7 7. c5 Qe7 8. d3 g6 9. Nbd2 Bg7 10. Qc2 O-O 11. Be2 Ne8 12. h3 f5 13. e4 Nc7 14. O-O Rb8 15. Rae1 f4 16. Nh2 d4 17. Nc4 Nf6 18. Nd6 Be6 19. Nc4 Bxc4 20. Qxc4+ Kh8 21. Rc1 h5 22. Nf3 Bh6 23. Rc2 Kh7 24. Nh2 g5 25. f3 Rg8 26. Bd1 Rg6 27. a4 a6 28. Kh1 Rh8 29. Rg1 g4 30. fxg4 hxg4 31. Rf1 f3 32. gxf3 gxh3 33. Ng4 Nxg4 34. fxg4 Bf4 35. Bc1 Ne6 36. b5 Rf8 37. Bxf4 Rxf4 38. Rxf4 Nxf4 39. bxa6 bxa6 40. Rf2 Rg7 41. Qc2 Qh4 42. Rf1 Qg3 43. Bf3 Rb7 44. Qc4 Kg7 45. Qxa6 Rb2 46. Qa7+ Kg6 0-1

[Event "Fast Traffic"]
[Site "Ottawa CAN"]
[Date "2005.01.30"]
[Round "2"]
[White "Pacey, Kevin"]
[Black "Barber, Glen"]
[Result "1/2-1/2"]
[WhiteElo "2190"]
[BlackElo "1814"]
[PlyCount "58"]
[GameId "2160767911031409"]
[EventDate "2005.01.30"]
[EventType "swiss (rapid)"]
[EventRounds "4"]
[EventCountry "CAN"]

1. f4 g6 2. Nf3 Bg7 3. g3 Nf6 4. Bg2 O-O 5. O-O d6 6. d3 Nc6 7. e4 e5 8. Nc3 Ne8 9. Be3 exf4 10. Bxf4 Bg4 11. h3 Bxf3 12. Rxf3 Nd4 13. Rf1 c6 14. Kh1 Nc7 15. Rb1 Nce6 16. Ne2 f5 17. Nxd4 Bxd4 18. Bh6 Ng7 19. c3 Be5 20. Qb3+ Rf7 21. g4 Qh4 22. Bf4 Raf8 23. Bxe5 dxe5 24. exf5 gxf5 25. gxf5 Nh5 26. Rf3 Kh8 27. Qe6 Qf6 28. Qxf6+ Rxf6 29. Re1 Rxf5 1/2-1/2

[Event "Fast Traffic"]
[Site "Ottawa CAN"]
[Date "2005.01.30"]
[Round "3"]
[White "Gordon, David"]
[Black "Pacey, Kevin"]
[Result "1/2-1/2"]
[WhiteElo "2061"]
[BlackElo "2190"]
[PlyCount "77"]
[GameId "2160767911031410"]
[EventDate "2005.01.30"]
[EventType "swiss (rapid)"]
[EventRounds "4"]
[EventCountry "CAN"]

1. d4 d5 2. c4 e6 3. Nc3 c5 4. Nf3 Nc6 5. cxd5 exd5 6. g3 Nf6 7. Bg2 Be7 8. O-O O-O 9. Bg5 cxd4 10. Nxd4 h6 11. Bf4 Bg4 12. Qa4 Qb6 13. Nxc6 bxc6 14. Be5 Bd7 15. Qc2 Ng4 16. Na4 Qb5 17. Bd4 Bf6 18. Bxf6 Nxf6 19. Nc5 Bg4 20. e3 Nh7 21. h4 Rfe8 22. Rac1 Nf8 23. Rfe1 Rac8 24. Qb3 Qxb3 25. Nxb3 Nd7 26. Nc5 Ne5 27. b4 Rb8 28. a3 Nc4 29. Rc3 a5 30. Na6 Rb6 31. Nc7 Rc8 32. bxa5 Nxa5 33. Nxd5 cxd5 34. Rxc8+ Bxc8 35. Bxd5 Be6 36. Bxe6 fxe6 37. Rc1 Rc6 38. Rxc6 Nxc6 39. Kf1 1/2-1/2

[Event "Fast Traffic"]
[Site "Ottawa CAN"]
[Date "2005.01.30"]
[Round "4"]
[White "Pacey, Kevin"]
[Black "Mai, Lloyd"]
[Result "0-1"]
[WhiteElo "2190"]
[BlackElo "1833"]
[PlyCount "66"]
[GameId "2160767911031411"]
[EventDate "2005.01.30"]
[EventType "swiss (rapid)"]
[EventRounds "4"]
[EventCountry "CAN"]

1. b3 e5 2. Bb2 d6 3. g3 g6 4. Bg2 Bg7 5. c4 c5 6. Nc3 Nc6 7. d3 Nge7 8. Qd2 O-O 9. e3 f5 10. f4 Be6 11. Nf3 h6 12. O-O Bf7 13. Ne2 Qc7 14. d4 e4 15. Ne1 Rad8 16. d5 Nb8 17. g4 Nd7 18. Bxg7 Kxg7 19. Ng3 Nf6 20. Qc3 fxg4 21. Nxe4 Neg8 22. Nd3 Qe7 23. Rae1 Kh7 24. Nxf6+ Nxf6 25. e4 Bg8 26. e5 Nh5 27. Be4 g3 28. f5 gxh2+ 29. Kh1 Ng3+ 30. Kg2 h1=Q+ 31. Rxh1 Nxe4 32. Rxe4 Qg5+ 33. Kh2 Rxf5 0-1

[Event "Flex Double RR"]
[Site "New Westminster CAN"]
[Date "2005.01.25"]
[Round "1"]
[White "Serafini, Gary"]
[Black "Sladek, Vaclav"]
[Result "0-1"]
[WhiteElo "1737"]
[BlackElo "2046"]
[PlyCount "72"]
[GameId "2160767911031434"]
[EventDate "2005.01.25"]
[EventType "tourn"]
[EventRounds "20"]
[EventCountry "CAN"]
[SourceTitle "Vas Sladek"]

1. e4 c5 2. Nf3 d6 3. d4 cxd4 4. Nxd4 Nf6 5. Nc3 a6 6. Be2 e5 7. Nb3 Be6 8. O-O Be7 9. f4 exf4 10. Bxf4 Nbd7 11. Kh1 Ne5 12. Qd2 O-O 13. Rad1 Rc8 14. Qe3 Qc7 15. Rd2 b5 16. Nd5 Bxd5 17. exd5 Nc4 18. Bxc4 Qxc4 19. Rfd1 Rfe8 20. Qf3 Bf8 21. c3 Qe4 22. Qxe4 Rxe4 23. Bg3 Rce8 24. h3 g6 25. a3 Nh5 26. Bf2 Bh6 27. Rc2 Re2 28. Rxe2 Rxe2 29. Bd4 Rxb2 30. Na5 Re2 31. Nb7 Bf4 32. Nd8 Ng3+ 33. Kg1 Nf5 34. Bf6 Ne3 35. Rd3 Bg3 36. Nc6 Re1# 0-1

[Event "Flex Double RR"]
[Site "New Westminster CAN"]
[Date "2005.02.01"]
[Round "2"]
[White "Sladek, Vaclav"]
[Black "Serafini, Gary"]
[Result "1-0"]
[WhiteElo "2046"]
[BlackElo "1737"]
[PlyCount "69"]
[GameId "2160767911031435"]
[EventDate "2005.01.25"]
[EventType "tourn"]
[EventRounds "20"]
[EventCountry "CAN"]
[SourceTitle "Vas Sladek"]

1. d4 Nf6 2. c4 e6 3. Nc3 d5 4. Nf3 Be7 5. Bf4 O-O 6. e3 Nbd7 7. Be2 b6 8. O-O Nh5 9. cxd5 Nxf4 10. exf4 exd5 11. Nxd5 Bd6 12. Ne5 Bb7 13. Bf3 Rb8 14. Rc1 Bxe5 15. dxe5 c5 16. Qb3 Kh8 17. Rfd1 Qe8 18. Qa4 f6 19. Nc7 Qg6 20. Bxb7 Rxb7 21. Qxd7 fxe5 22. f5 Qf6 23. Rd6 Qg5 24. Rcd1 Rg8 25. Ne6 Rxd7 26. Nxg5 Re7 27. Rd7 Rxd7 28. Rxd7 h6 29. Ne4 Ra8 30. f6 g5 31. Nd6 Kg8 32. Nf5 c4 33. h4 g4 34. Nxh6+ Kh8 35. Rg7 1-0

[Event "Flex Double RR"]
[Site "New Westminster CAN"]
[Date "2005.03.08"]
[Round "3"]
[White "Stephens, Desmond"]
[Black "Sladek, Vaclav"]
[Result "0-1"]
[WhiteElo "1739"]
[BlackElo "2046"]
[PlyCount "108"]
[GameId "2160767911031436"]
[EventDate "2005.01.25"]
[EventType "tourn"]
[EventRounds "20"]
[EventCountry "CAN"]
[SourceTitle "Vas Sladek"]

1. d4 Nf6 2. Bg5 c5 3. c3 Qb6 4. b3 cxd4 5. Qxd4 Qxd4 6. cxd4 Ne4 7. Bd2 e6 8. e3 Nc6 9. a3 Be7 10. Bd3 Nxd2 11. Nxd2 O-O 12. Ngf3 d5 13. b4 a6 14. O-O Bf6 15. Nb3 Rd8 16. Rac1 e5 17. dxe5 Nxe5 18. Nxe5 Bxe5 19. Rfd1 Bb2 20. Rc7 Bxa3 21. b5 axb5 22. Bxb5 Bd6 23. Rcc1 g6 24. g3 Be6 25. Nd4 Kf8 26. Kg2 Ke7 27. Nf3 Ra2 28. Bd3 Rc8 29. Nd4 Rxc1 30. Rxc1 Bd7 31. Rb1 Ra7 32. e4 Bc6 33. Nxc6+ bxc6 34. exd5 cxd5 35. Re1+ Kf6 36. f4 Ra3 37. Bf1 h5 38. Rd1 Ra2+ 39. Kh3 Ra5 40. Bg2 Ke6 41. Re1+ Kd7 42. Rb1 d4 43. Be4 Ke6 44. Kg2 Ra2+ 45. Kh3 Ra3 46. Rb5 Re3 47. Bd5+ Kf6 48. Bc4 Rc3 49. Rb6 Rxc4 50. Rxd6+ Kf5 51. Kh4 Ke4 52. Kg5 Rc5+ 53. Kf6 Rf5+ 54. Kg7 Ke3 0-1

[Event "Flex Double RR"]
[Site "New Westminster CAN"]
[Date "2005.03.26"]
[Round "4"]
[White "Azmitia, Eduardo"]
[Black "Sladek, Vaclav"]
[Result "0-1"]
[WhiteElo "1668"]
[BlackElo "2046"]
[PlyCount "71"]
[GameId "2160767911031437"]
[EventDate "2005.01.25"]
[EventType "tourn"]
[EventRounds "20"]
[EventCountry "CAN"]
[SourceTitle "Vas Sladek"]

1. d4 Nf6 2. c4 e6 3. Nf3 Bb4+ 4. Bd2 Qe7 5. a3 Bxd2+ 6. Nbxd2 d6 7. g3 O-O 8. Bg2 e5 9. dxe5 dxe5 10. e4 Bg4 11. O-O Nbd7 12. Qc2 a5 13. h3 Bh5 14. g4 Bg6 15. Nh4 a4 16. Nxg6 hxg6 17. Rfd1 Nc5 18. Rab1 Ne6 19. Nf1 Nd4 20. Qd3 Rfd8 21. Kh1 Nd7 22. Ne3 Nc5 23. Qc3 Qh4 24. Qe1 Nce6 25. f3 Qxe1+ 26. Rxe1 c6 27. Red1 Nf4 28. Rd2 Kf8 29. Rbd1 Ke8 30. Kh2 Rd7 31. Nc2 Rad8 32. Nxd4 Rxd4 33. Rxd4 Rxd4 34. Rxd4 exd4 35. Kg1 d3 36. Kf2 0-1

[Event "Flex Double RR"]
[Site "New Westminster CAN"]
[Date "2005.03.30"]
[Round "5"]
[White "Field, Alex"]
[Black "Sladek, Vaclav"]
[Result "0-1"]
[WhiteElo "1513"]
[BlackElo "2046"]
[PlyCount "58"]
[GameId "2160767911031438"]
[EventDate "2005.01.25"]
[EventType "tourn"]
[EventRounds "20"]
[EventCountry "CAN"]
[SourceTitle "Vas Sladek"]

1. e4 c5 2. Nf3 e6 3. c4 Nc6 4. Nc3 a6 5. Be2 Qc7 6. O-O Be7 7. d4 cxd4 8. Nxd4 Nf6 9. Be3 d6 10. Qc2 Bd7 11. Rfd1 Rc8 12. a3 Ne5 13. b3 Neg4 14. Bc1 d5 15. Bxg4 Nxg4 16. exd5 Qxh2+ 17. Kf1 Qh1+ 18. Ke2 Qxg2 19. Be3 Nxe3 20. Kxe3 Bg5+ 21. Ke2 exd5 22. Re1 O-O 23. Rg1 Rfe8+ 24. Kd3 Qh3+ 25. Rg3 Bf5+ 26. Ne4 Bxe4+ 27. Kc3 Qxg3+ 28. fxg3 Bxc2 29. Kxc2 dxc4 0-1

[Event "Flex Double RR"]
[Site "New Westminster CAN"]
[Date "2005.04.03"]
[Round "6"]
[White "Werth, Guido"]
[Black "Sladek, Vaclav"]
[Result "0-1"]
[WhiteElo "1563"]
[BlackElo "2046"]
[PlyCount "64"]
[GameId "2160767911031439"]
[EventDate "2005.01.25"]
[EventType "tourn"]
[EventRounds "20"]
[EventCountry "CAN"]
[SourceTitle "Vas Sladek"]

1. Nf3 Nf6 2. c4 e6 3. g3 d5 4. b3 Be7 5. Bg2 O-O 6. O-O c5 7. Bb2 Nc6 8. d3 Re8 9. Nbd2 d4 10. a3 a5 11. Qc2 e5 12. e3 Bg4 13. exd4 exd4 14. Rfe1 Qd7 15. Ne5 Nxe5 16. Rxe5 Bd6 17. Ree1 Bh3 18. Bh1 h5 19. Nf3 Bf5 20. b4 axb4 21. axb4 Rxa1 22. Rxa1 Bg4 23. bxc5 Bxc5 24. Qd2 b6 25. Bg2 Bxf3 26. Bxf3 Qf5 27. Bg2 Ng4 28. Ra8 Rxa8 29. Bxa8 Ne5 30. Be4 Qxe4 31. dxe4 Nf3+ 32. Kg2 Nxd2 0-1

[Event "Flex Double RR"]
[Site "New Westminster CAN"]
[Date "2005.04.04"]
[Round "7"]
[White "Deguara, Jason"]
[Black "Sladek, Vaclav"]
[Result "0-1"]
[WhiteElo "1693"]
[BlackElo "2046"]
[PlyCount "42"]
[GameId "2160767911031440"]
[EventDate "2005.01.25"]
[EventType "tourn"]
[EventRounds "20"]
[EventCountry "CAN"]
[SourceTitle "Vas Sladek"]

1. d4 Nf6 2. Nf3 e6 3. c4 Bb4+ 4. Nbd2 O-O 5. a3 Bxd2+ 6. Bxd2 Ne4 7. Bb4 d6 8. Qc2 f5 9. e3 Nd7 10. Bd3 a5 11. Bc3 Ndf6 12. O-O Bd7 13. Nd2 Nxc3 14. Qxc3 Qe8 15. c5 Bc6 16. b4 axb4 17. axb4 Rxa1 18. Rxa1 Qg6 19. f3 Nd5 20. Qb3 Nxe3 21. Re1 Qxg2# 0-1

[Event "Flex Double RR"]
[Site "New Westminster CAN"]
[Date "2005.04.07"]
[Round "8"]
[White "Sladek, Vaclav"]
[Black "Field, Alex"]
[Result "1-0"]
[WhiteElo "2046"]
[BlackElo "1513"]
[PlyCount "67"]
[GameId "2160767911031441"]
[EventDate "2005.01.25"]
[EventType "tourn"]
[EventRounds "20"]
[EventCountry "CAN"]
[SourceTitle "Vas Sladek"]

1. d4 d5 2. Bg5 f6 3. Bh4 Nc6 4. e3 e5 5. Bb5 Nge7 6. dxe5 fxe5 7. Qh5+ g6 8. Qxe5 Rg8 9. Nc3 Bg7 10. Qxe7+ Qxe7 11. Bxe7 Bxc3+ 12. bxc3 Kxe7 13. Nf3 Bf5 14. Bd3 Rgf8 15. Rb1 b6 16. O-O Kf6 17. Bxf5 Kxf5 18. Rb5 Ke6 19. Rd1 Rf5 20. Nd4+ Nxd4 21. cxd4 c6 22. Rb2 Raf8 23. Rd2 h5 24. a4 g5 25. Rb4 Rc8 26. h3 g4 27. h4 Kd6 28. c4 dxc4 29. Rxc4 Kd5 30. Rc3 Ke4 31. Kh2 Rd5 32. Kg3 c5 33. f3+ Kf5 34. e4+ 1-0

[Event "Flex Double RR"]
[Site "New Westminster CAN"]
[Date "2005.04.09"]
[Round "9"]
[White "Sladek, Vaclav"]
[Black "Werth, Guido"]
[Result "1-0"]
[WhiteElo "2046"]
[BlackElo "1563"]
[PlyCount "65"]
[GameId "2160767911031442"]
[EventDate "2005.01.25"]
[EventType "tourn"]
[EventRounds "20"]
[EventCountry "CAN"]
[SourceTitle "Vas Sladek"]

1. d4 e6 2. c4 Bb4+ 3. Nd2 Nf6 4. Qc2 d5 5. a3 Be7 6. Ngf3 b6 7. e3 O-O 8. Bd3 dxc4 9. Nxc4 Bb7 10. Nce5 h6 11. Bd2 c5 12. dxc5 Bxc5 13. O-O Nbd7 14. Rfd1 Rc8 15. Qb1 Nxe5 16. Nxe5 Qd5 17. Nf3 Rfd8 18. Bc3 Be7 19. Bh7+ Nxh7 20. Rxd5 Rxd5 21. Qe1 Rcd8 22. h3 Ng5 23. Nd2 Rd3 24. Rc1 Ne4 25. Nxe4 Bxe4 26. Bd4 Bc5 27. Bxc5 bxc5 28. Qa5 Rd1+ 29. Rxd1 Rxd1+ 30. Kh2 Rb1 31. Qxc5 Rxb2 32. Qd4 Rxf2 33. Qxe4 1-0

[Event "Flex Double RR"]
[Site "New Westminster CAN"]
[Date "2005.04.11"]
[Round "10"]
[White "Sladek, Vaclav"]
[Black "Deguara, Jason"]
[Result "1-0"]
[WhiteElo "2046"]
[BlackElo "1693"]
[PlyCount "31"]
[GameId "2160767911031443"]
[EventDate "2005.01.25"]
[EventType "tourn"]
[EventRounds "20"]
[EventCountry "CAN"]
[SourceTitle "Vas Sladek"]

1. d4 Nf6 2. Bg5 Ne4 3. h4 Nxg5 4. hxg5 d5 5. e3 e6 6. g6 fxg6 7. Bd3 Qg5 8. Qf3 Bb4+ 9. c3 Rf8 10. Qh3 e5 11. Qxc8+ Ke7 12. Qh3 e4 13. cxb4 exd3 14. Nf3 Qf6 15. Nc3 Nc6 16. Nxd5+ 1-0

[Event "Flex Double RR"]
[Site "New Westminster CAN"]
[Date "2005.04.16"]
[Round "11"]
[White "Co, Gilbert"]
[Black "Sladek, Vaclav"]
[Result "1/2-1/2"]
[WhiteElo "2090"]
[BlackElo "2046"]
[PlyCount "54"]
[GameId "2160767911031444"]
[EventDate "2005.01.25"]
[EventType "tourn"]
[EventRounds "20"]
[EventCountry "CAN"]
[SourceTitle "Vas Sladek"]

1. d4 Nf6 2. c4 e6 3. Nc3 Bb4 4. Qc2 O-O 5. e4 c5 6. d5 d6 7. Bg5 e5 8. Bd3 Nbd7 9. Nge2 h6 10. Bd2 Re8 11. O-O Nf8 12. f4 exf4 13. Nxf4 Ng4 14. h3 Ne5 15. a3 Ba5 16. Rae1 a6 17. a4 Bd7 18. Re3 b5 19. axb5 axb5 20. b3 bxc4 21. bxc4 Qe7 22. Rg3 Nfg6 23. Nxg6 fxg6 24. Bf4 g5 25. Bxe5 Qxe5 26. Ne2 Bb4 27. Rgf3 Rf8 1/2-1/2

[Event "Flex Double RR"]
[Site "New Westminster CAN"]
[Date "2005.04.19"]
[Round "12"]
[White "Shiu, Josh"]
[Black "Sladek, Vaclav"]
[Result "0-1"]
[WhiteElo "1868"]
[BlackElo "2046"]
[PlyCount "84"]
[GameId "2160767911031445"]
[EventDate "2005.01.25"]
[EventType "tourn"]
[EventRounds "20"]
[EventCountry "CAN"]
[SourceTitle "Vas Sladek"]

1. c4 Nf6 2. d4 e6 3. Nc3 Bb4 4. Qc2 O-O 5. Bg5 d5 6. Nf3 b6 7. a3 Bxc3+ 8. Qxc3 dxc4 9. e4 Nxe4 10. Bxd8 Nxc3 11. Bxc7 Nd5 12. Bxb8 Rxb8 13. Bxc4 Bb7 14. h4 Rbc8 15. Bb3 Nf4 16. Kf1 Rfd8 17. Rd1 Ba6+ 18. Kg1 Be2 19. Rd2 Bxf3 20. gxf3 Rxd4 21. Rxd4 Ne2+ 22. Kh2 Nxd4 23. Bd1 Kf8 24. h5 h6 25. Kg2 Rc1 26. f4 Ke7 27. Bg4 Rxh1 28. Kxh1 Kd6 29. Kg2 Kc5 30. Bd1 Kc4 31. f3 Kd3 32. Kf2 Kd2 33. Ba4 b5 34. Bxb5 Nxb5 35. a4 Nd4 36. b4 Nc6 37. b5 Na5 38. Kg3 Kc3 39. f5 exf5 40. Kf4 Kb4 41. Kxf5 Kxa4 42. Ke5 Nc4+ 0-1